00274pam a2200109 a 4500020000500000041000500005082001200010100003100022245004100053260005900094300001100153 c h a823.914 aMURARI (Timeri N.)eauthor aThe Imperial AgenthTextual Document bPenguin Books India Pvt. Ltd. New Delhi , Londonc2008 ax, 498